| 000 | 00614nam a22002177a 4500 | ||
|---|---|---|---|
| 003 | BUBTL | ||
| 008 | 180225b xxu||||| |||| 00| 0 eng d | ||
| 020 | _a9788126537884 | ||
| 082 | _a658.15/ D186a/ 2011 | ||
| 100 |
_91817 _aDamodaran, Aswath |
||
| 245 |
_aApplied Corporate Finance : _cAswath Damodaran |
||
| 250 | _a3rd | ||
| 260 |
_aNew Delhi _bWiley _cc2011 |
||
| 300 |
_a[xiv], 738p . : _bill. Chart, Table ; 24cm . |
||
| 500 | _aIncludes Index . | ||
| 650 | 0 |
_918 _aFinance |
|
| 700 |
_91818 _aAswath Damodaran |
||
| 856 |
_k0 _l0 _yDownload |
||
| 942 |
_2ddc _cBK |
||
| 999 |
_c5691 _d5691 |
||